Quizzes
Events
Quiz Creation
Community
Videos
Private Events
Remove Ads
Sign In
Join for FREE
Feedback
Dark Mode
Quiz Categories
Sports
Geography
Music
Movies
Television
Just For Fun
Miscellaneous
History
Literature
Language
Science
Gaming
Entertainment
Religion
Holiday
For Kids
Quiz Lab
Recent
Popular Today
Quiz Kudos Today
Editor Picks
Curator Picks
Quizzes by...
Day
Popularity
Type
Ratings
Length
Year
Community
Subscriptions
Recent Discussions
Orange Saloon
Badges
Playlists
Quests
Create
Leaderboards
Showdown
Live 5
Trivia Bingo
Activity
Puzzle Library
Sporcle Events
Private Events
Virtual Trivia
Globe League
Become a Host
Pub Owners
SporcleCon
Opinionation
Our Games
Videos
Blog
Mobile Apps
Partnerships
Remove Ads and Go Orange
Feedback
Music
Pop Music
The Beatles
Song
Album
Lyrics
Bands
Singers
Artist
Clip
Rock
Rap
Classical
Billboard
Country Music
Kpop
Taylor Swift
Music
Pop Music
The Beatles
Song
Album
Lyrics
Bands
Singers
Artist
Clip
Rock
Rap
Classical
Billboard
Country Music
Kpop
Taylor Swift
Random Quiz
Search Sporcle
×
Quiz Lab
Quiz Lab
Music
Album
Type in answers that appear in a list
Type in answers that appear in a list
Classic
Best Score? Go Orange.
Guess the metal band from the album title Stats
Can you name the metal band from the album title?
By
Toki_Wartooth
10m
100 Questions
220 Plays
220 Plays
220 Plays
Comments
Comments
Give Quiz Kudos
Give Quiz Kudos
-
- Ratings
hide this ad
Replay
Link that replays current quiz
Next Quiz
Link to next quiz in quiz playlist
You Got
0%
They Got
Avg Score
21%
Avg Friend Score
Upgrade to see
Score Distribution
Jump to the score distribution portion of the page
Score
0/100
Timer
10:00
0
Plays Today
Album Name
Artists
% Correct
Master of Puppets
Metallica
97.3%
Reign In Blood
Slayer
79%
Cowboys From Hell
Pantera
78.1%
Iowa
Slipknot
74%
Back In Black
ACDC
71.7%
The Final Frontier
Iron Maiden
64.8%
Follow the Leader
Korn
62.1%
Steal This Album!
System of A Down
58%
Diary Of A Madman
Ozzy Osbourne
56.2%
Endgame
Megadeth
54.3%
Twilight of the Thunder God
Amon Amarth
53.4%
Nightmare
Avenged Sevenfold
48.4%
Bat Out of Hell
Meatloaf
46.1%
Hellbilly Deluxe
Rob Zombie
45.2%
Nostradamus
Judas Priest
43.8%
The Pick of Destiny
Tenacious D
42.9%
Ghost Reveries
Opeth
42.5%
The Blackening
Machine Head
42%
2112
Rush
41.1%
Crack the Skye
Mastodon
41.1%
Shogun
Trivium
39.7%
Physical Graffiti
Led Zeppelin
39.7%
La Sexorcisto
White Zombie
39.7%
Red, White and Crue
Motley Crue
38.4%
Dethalbum
Dethklok
37%
Wrath
Lamb of God
35.2%
Once
Nightwish
34.7%
Inhuman Rampage
Dragonforce
34.7%
Metal Black
Venom
33.8%
Captain Morgans Revenge
Alestorm
33.8%
Come Clarity
In Flames
32.4%
Black Clouds and Silver Linings
Dream Theater
32%
The Way Of All Flesh
Gojira
31.5%
Souls of Black
Testament
29.7%
Album Name
Artists
% Correct
The Downward Spiral
Nine Inch Nails
28.3%
Made In Japan
Deep Purple
27.9%
Thornography
Cradle of Filth
27.9%
Comalies
Lacuna Coil
27.4%
The World Is Yours
Motorhead
26.9%
Scars On Broadway
Scars On Broadway
26.5%
The Doomsday Machine
Arch Enemy
26%
Colours
Between the Buried and Me
19.2%
The Divine Conspiracy
Epica
17.8%
Lest We Forget
Marilyn Manson
14.6%
Order of the Black
Black Label Society
14.6%
Elect the Dead
Serj Tankian
13.7%
Over the Under
Down
13.7%
The Varangian Way
Turisas
11.9%
Blackbird
Alterbridge
11.4%
Faith Divides Us Death Unites Us
Paradise Lost
11%
The Unforgiving
Within Temptation
9.6%
Sworn To A Great Divide
Soilwork
9.6%
Showbiz
Muse
9.6%
Ukon Wacka
Korpiklaani
8.7%
Beast
Devildriver
8.7%
Runnin' Wild
Airbourne
8.7%
For We Are Many
All That Remains
8.2%
Enter the Grave
Evile
8.2%
One Kill Wonder
The Haunted
8.2%
Bible of the Beast
Powerwolf
7.8%
XX
Mushroomhead
7.3%
Women and Children Last
Murderdolls
7.3%
The Monsterican Dream
Lordi
6.8%
Ritual
The Black Dahlia Murder
6.4%
A Snow Capped Romance
36 Crazyfists
6.4%
The Wicked Symphony
Avantasia
6.4%
Silver Bride
Amorphis
5.9%
Between the Devil and the Deep Blue Sea
Black Stone Cherry
5.5%
Album Name
Artists
% Correct
Conclusion Of An Age
Sylosis
5%
Charlemange
Christopher Lee
5%
Cult
Apocalyptica
4.6%
Dead Letters
The Rasmus
4.1%
Mea Culpa
After Forever
4.1%
Njord
Leaves Eyes
4.1%
Sing Along Songs for the Damned and Delerious
The Diablo Swing Orchestra
3.7%
Static Impulse
James LaBrie
3.2%
Lies for the Liars
The Used
3.2%
Forevermore
Whitesnake
2.7%
Fear Will Drag You Down
Shadows Fall
2.3%
Moonlight Waltz
Theatre des Vampires
1.8%
Tribe Of Force
Van Canto
1.8%
Happiness in Darkness
Gothminister
1.4%
The Clouds of Northland Thunder
Amberian Dawn
1.4%
Mirror of Retribution
Chthonic
1.4%
A Sign of Sublime
Sarah Jezebel Deva
1.4%
The Underworld Regime
Ov Hell
1.4%
Bleeding the New Apocalypse
The Project Hate
0.9%
Walking With Strangers
The Birthday Massacre
0.9%
Fables and Dreams
Lunatica
0.9%
Tear the World Down
We Are the Fallen
0.9%
Undoing
Darkest Hour
0.9%
Red Harvest
Bloodsimple
0.9%
Deciever
The Word Alive
0.5%
Metalwar
Hysterica
0.5%
The Return to Darkness
Demonic Resurrection
0.5%
The Nightmarish Compositions
Bishop of Hexen
0.5%
Glory Thy Name
Divinefire
0.5%
ShadowPlay
ShadowPlay
0.5%
Seasons of Tragedy
Benedictum
0%
The Defender of the Crown
Brocus Helm
0%
Quiz Playlist
Details
Report
Send in Message
Add To Playlist
Classic:
Type in answers that appear in a list
Last Updated: Feb 16, 2017
Quiz Scoreboard
CHALLENGE
Sign Up to Join the Scoreboard
Show All
Scores
Hide
Comments
May contain spoilers
Recently Published
Popular People in 1961
by mucciniale
History
6m
1-10 Letter E Words III
by El_Dandy
Language
2m
One Thing in Common: World Cities II
by knightlancer
Geography
7m
More to Explore
Quiz From the Vault
Featured Blog Post
Where Did the Easter Bunny Come From?
hide this ad
You Might Also Like...
Tags
Album Quiz
Metal Bands
Rock Band
Today's Top Quizzes in Music
Browse Music
hide this ad
Today's Top Quizzes in Album
Browse Album
Top Contributed Quizzes in Music
1
Taylor Swift All Songs (2024)
2
2010s Album by Cover III
3
One Thing in Common: Music
4
Taylor Swift Logic Puzzle
5
Guess the Artist- 70s Songs
6
2010s Album by Cover IV
7
Guess the Taylor Swift song (Mystery Song)
8
2010s Album by Cover V
9
Lana Del Rey Discography (BTD to DYKTTATUOB)
10
2010s Album by Cover VI
Explore More
Trending Topics
Disney
Anime
Crossword
NBA
Harry Potter
Kpop
Marvel
WWE
NFL
Pokémon
Song
Puzzle
Soccer
The Office
Country
hide this ad
More By:
Toki_Wartooth
Quiz
Plays
Rating
Category
Featured
Created
Mortal Kombat 2011 Playable Characters
455
3.80
Gaming
Jul 26, 2011
Guess the metal band from the album title
220
3.25
Music
Jul 1, 2011
The Complete Smackdown vs Raw 2011 Quiz
218
2.00
Entertainment
Jul 1, 2011
Royal Rumble First Four
182
3.50
Entertainment
Jul 27, 2011
Top 100 Worst rated films ever made
166
2.50
Movies
Jul 26, 2011
Go to Creator's Profile
Score Distribution
Quiz Creator Spotlight
Toki_Wartooth
Follow
Send a Message
Quizzes Created
-
Created Quiz Play Count
-
More By This Creator
Popular Quizzes Today
1
Find the US States - No Outlines Minefield
2
Find the Countries of Europe - No Outlines Minefield
3
The Countries of the World
4
Popular People in 1961
5
1-10 Letter E Words III
6
Find the US States
7
US States
8
One Thing in Common: World Cities II
More Music Quizzes
Musicians by their real name (Set 5)
Curator's Pick
Trending Quizzes
Risky Map Clicking: Least Populous States A-Z
1-10 Letter F Words
1-10 Letter G Words
One Thing in Common: United Kingdom
Risky Map Clicking: Next State Alphabetically
Recently Updated
Leaping Animals
pecheneg
Reality TV Shows (A-Z)
bhenderson79
Rickey Henderson's Hall of Fame Teammates
pecheneg
Champions League XIs: Arsenal
pecheneg
Quick Pick: Celebrities in WWE's Hall of Fame
aduchscher
A-Z Keypad Blitz II
pecheneg
Multiple Oscar Actors
pecheneg
Mystery Phrase Blitz: Oscar 'Best Actors'
pecheneg
F. Scott Fitzgerald Novels
LTH
Pick 3 Villains
ddd62291
Trending Topics
Harry Potter
Disney
Anime
NBA
Kpop
Marvel
Crossword
Soccer
NFL
Puzzle
The Office
Song
Country
Pokémon
WWE
Your Account Isn't Verified!
In order to create a playlist on Sporcle, you need to verify the email address you used during registration. Go to your
Sporcle Settings
to finish the process.
Report this User
Report this user for behavior that violates our
Community Guidelines
.
Details:
Send Report
Go to the Sporcle.com Mobile Site →
Comments